Villes mondiales finissant par N #2 - Statistiques

Statistiques générales
  • Ce quiz a été pris 98 fois
  • Le résultat moyen est 14 sur 20
Statistiques - réponses
Question Villes % Correct
En Allemagne cette ville accueille le club nommé Hertha Berlin
96%
Elle abrite l'Irish Whiskey Museum Dublin
94%
L'AC ou L'inter joue là-bas Milan
94%
Stéphane Rotenberg anime une célèbre émission sur M6 : _ _ _ _ _ Express Pekin
90%
Grande ville de l'Iran, c'est même la plus importante Téhéran
87%
Auckland est la plus grande ville du pays mais la capitale est Wellington
80%
C'est la seule capitale au monde commençant par E Erevan
79%
Seconde ville de la Colombie après Bogota Medellin
77%
En Côte d'Ivoire elle a eu le statut jusqu'en 1983 maintenant c'est Yamoussoukro Abidjan
75%
Ville du Mexique très prisée des touristes Cancun
74%
Ville à la frontière italienne connue pour ses chars et ses citrons Menton
73%
Capitale du Paraguay ressemblant a un jeudi férié en France Asuncion
71%
Préfecture ou se situe le Stade Malherbe Caen
65%
Les footballeurs du Bayer 04 joue dans cette ville allemande Leverkusen
57%
Prétoria, Le Cap mais quelle est la troisième Bloemfontein
51%
Préfecture du 02 Laon
51%
Préfecture du département de l'Orne Alençon
44%
Ville, état et aussi nom d'un ancien président des États-Unis Washington
43%
Ville de Norvège abritant le Sognefjord Bergen
39%
Préfecture des Landes Mont-de-Marsan
37%
Aucun quiz correspondant
Distribution des résultats
% des personnes avec chaque résultat
Percentile par nombre de réponses
Votre historique - résultats
Vous n’avez pas pris ce quiz